Southville International School and Colleges
Your cart is empty.
  • Cart
  • Lists
    Public lists Eva Luna New books Lux_list list_1
    Your lists Log in to create your own lists
  • Log in to your account
  • Your cookies
  • Search history
Southville International School and Colleges
  • Advanced search
  • Recent comments
  • Most popular
  • Libraries

Log in to your account

Log in with GOOGLE


If you do not have an external account, but do have a local account, you can still log in:

  1. Home
  2. MARC view: The Romans /
Normal view MARC view ISBD view

The Romans / (Record no. 9959)

[ view plain ]
MARC details
000 -LEADER
fixed length control field 00502nam a22002057a 4500
003 - CONTROL NUMBER IDENTIFIER
control field OSt
005 - DATE AND TIME OF LATEST TRANSACTION
control field 20140310182148.0
008 - FIXED-LENGTH DATA ELEMENTS--GENERAL INFORMATION
fixed length control field 130830t xxu||||| |||| 00| 0 eng d
020 ## - INTERNATIONAL STANDARD BOOK NUMBER
International Standard Book Number 1854342150
020 ## - INTERNATIONAL STANDARD BOOK NUMBER
International Standard Book Number 9781854342157
050 ## - LIBRARY OF CONGRESS CALL NUMBER
Classification number DG 77
Item number .C554 1993
082 ## - DEWEY DECIMAL CLASSIFICATION NUMBER
Classification number HS 937
Item number Ch46 1993
100 ## - MAIN ENTRY--PERSONAL NAME
Personal name Chrisp, Peter
245 ## - TITLE STATEMENT
Title The Romans /
Statement of responsibility, etc Peter Chrisp.
260 ## - PUBLICATION, DISTRIBUTION, ETC. (IMPRINT)
Place of publication, distribution, etc London :
Name of publisher, distributor, etc Two Can,
Date of publication, distribution, etc 1993.
300 ## - PHYSICAL DESCRIPTION
Extent 32 p. ;
Dimensions 27 p. ;
650 ## - SUBJECT ADDED ENTRY--TOPICAL TERM
Topical term or geographic name as entry element Roman
General subdivision Facts
9 (RLIN) 15622
942 ## - ADDED ENTRY ELEMENTS (KOHA)
Source of classification or shelving scheme Library of Congress Classification
Holdings
Withdrawn status Lost status Source of classification or shelving scheme Damaged status Home library Current library Shelving location Date acquired Total Checkouts Full call number Barcode Date last seen Date checked out Copy number Price effective from Koha item type
    Library of Congress Classification   Luxembourg Library Luxembourg Library High School Section 08/30/2013 1 DG 77 .C554 1993 9257 12/09/2025 12/02/2025 1 08/30/2013 Books

The Romans /

APA

Chrisp P., . (1993). The Romans. London: Two Can.

Chicago

Chrisp Peter, . 1993. The Romans. London: Two Can.

Harvard

Chrisp P., . (1993). The Romans. London: Two Can.

MLA

Chrisp Peter, . The Romans. London: Two Can. 1993.

  • Place hold
  • Print
  • Cite
  • Add to your cart (remove)
  • Save record
    BIBTEX Dublin Core MARCXML MARC (non-Unicode/MARC-8) MARC (Unicode/UTF-8) MARC (Unicode/UTF-8, Standard) MODS (XML) RIS
  • More searches
    Search for this title in:
    Other Libraries (WorldCat) Other Databases (Google Scholar) Online Stores (Bookfinder.com) Open Library (openlibrary.org)

Exporting to Dublin Core...

SOUTHVILLE LIBRARY

Southville International School and Colleges Library

1281 Tropical Ave. Cor. Luxembourg St., BF Homes International, Las Pinas City

Tel. No. 8256374 / 252358 Loc. 117/146

Powered by Koha